| 000 | 00515nam a22001817a 4500 | ||
|---|---|---|---|
| 999 |
_c57537 _d57537 |
||
| 005 | 20221107121450.0 | ||
| 008 | 200702s2014 eng||||| |||| 00| 0 enk d | ||
| 020 | _a9780982537749 X | ||
| 041 | _aeng | ||
| 080 | _a616.8 M-78 | ||
| 100 |
_aMcHenry, Ellen J. _99024 |
||
| 245 |
_aThe Brain; An Introduction to Neurology / _cby Ellen Johnston McHenry (Author) |
||
| 264 | _c2014. | ||
| 300 |
_a29 p. _b30 cm. |
||
| 653 | _aნევროლოგია | ||
| 653 | _aმედიცინა | ||
| 942 |
_2udc _cBK |
||